LDR 00747naa#a2200169#i#450# 001 RU\\bibl\103894 005 20260511065719.1 011 ## _a2074-8183 100 ## _a20260331b2026####ek#y0rusy0150####ca 102 ## _aRU 200 1# _aЕСТЬ ЛИ БУДУЩЕЕ У ПОЛОЖЕНИЙ УГОЛОВНОГО КОДЕКСА РОССИИ ОБ ИЗМЕНЕНИИ КАТЕГОРИИ ПРЕСТУПЛЕНИЯ? _eЖурнальная статья 210 1# _aВолгоград _cВолгоградская академия МВД России _d2026 215 ## _a11 с. 608 ## _aЖурнальная статья _2local 675 ## _aПреступления в целом. 343.23 _z 700 #1 _aРожнов _gАлексей Петрович 856 4# _ava-mvd.editorum.ru _u